| 000 | 00867cam a2200277 a 4500 | ||
|---|---|---|---|
| 001 | 000006336 | ||
| 005 | 20200929153922.0 | ||
| 008 | 910207s1989 sp b 000 d spa d | ||
| 020 | _a8423919382 | ||
| 035 | _a(DLC) 91114586 | ||
| 040 |
_aDO-SdBNP _cDLC _dBNPHU |
||
| 082 |
_a862.64 _bG146c |
||
| 100 | 1 |
_aGala, Antonio, _d1936- _917649 |
|
| 245 | 1 | 0 |
_aCristóbal Colón / _cAntonio Gala ; prólogo de José Romera Castillo. |
| 260 |
_aMadrid : _bEspasa-Calpe, _c1989. |
||
| 300 |
_a142 p. ; _c18 cm. |
||
| 490 | 1 |
_aAustral. Literatura _v138 |
|
| 650 | 4 |
_aTeatro español _93071 |
|
| 600 | 1 | 0 |
_aCRISTÓBAL COLÓN, _d1451?-1502 _xDRAMA _917650 |
| 650 | 4 |
_aLiteratura española _9632 |
|
| 700 | 1 |
_aCastillo, José Romera, _epról. _917651 |
|
| 830 | 0 |
_aAustral. _pliteratura ; _v138 _917652 |
|
| 910 | _aCatalogación por copia / LC | ||
| 910 | _aWM | ||
| 049 | _aBNGR | ||
| 999 |
_c6131 _d6131 |
||